[Event "GER-chT U12"]
[Site "Seifhennersdorf"]
[Date "2001.12.29"]
[Round "6.1"]
[White "Gander, Robin"]
[Black "Klebanov, Andrej"]
[Result "0-1"]
[WhiteElo "1287"]
[BlackElo "1404"]
[PlyCount "40"]
[EventDate "2001.12.27"]
[EventType "team"]
[EventRounds "7"]
[EventCountry "GER"]
[SourceTitle "EXT 2003"]
[Source "ChessBase"]
[SourceDate "2002.11.25"]
[SourceVersion "1"]
[SourceVersionDate "2002.11.25"]
[SourceQuality "1"]

1. d4 e6 2. e4 d5 3. exd5 exd5 4. Bd3 Nf6 5. Nf3 Nc6 6. c3 Bg4 7. h3 Bh5 8. 0-0 Bd6 9. Re1+ Ne7 10. Bg5 Qd7 11. Nbd2 0-0-0 12. b4 h6 13. Bxf6 gxf6 14. a4 Rhg8 15. Kh1 Bf4 16. Qc2 Rxg2 17. Kxg2 Rg8+ 18. Kf1 Bxd2 19. Qxd2 Qxh3+ 20. Ke2 Qxf3+ 0-1

[Event "GER-chT U12"]
[Site "Seifhennersdorf"]
[Date "2001.12.28"]
[Round "4.1"]
[White "Bieber, Friedemann"]
[Black "Gander, Robin"]
[Result "1-0"]
[WhiteElo "1212"]
[BlackElo "1287"]
[PlyCount "35"]
[EventDate "2001.12.27"]
[EventType "team"]
[EventRounds "7"]
[EventCountry "GER"]
[SourceTitle "EXT 2003"]
[Source "ChessBase"]
[SourceDate "2002.11.25"]
[SourceVersion "1"]
[SourceVersionDate "2002.11.25"]
[SourceQuality "1"]

1. e4 c5 2. Nf3 e6 3. Nc3 Ne7 4. d3 g6 5. Bg5 Bg7 6. g3 Nbc6 7. Bg2 b6 8. 0-0 0-0 9. Qd2 Bb7 10. Bh6 d5 11. Bxg7 Kxg7 12. Rad1 dxe4 13. Nxe4 f5 14. Qc3+ Nd4 15. Neg5 Kg8 16. Nxd4 Bxg2 17. Ndxe6 Qd5 18. Qg7# 1-0

[Event "GER-chT U12"]
[Site "Seifhennersdorf"]
[Date "2001.12.27"]
[Round "1.1"]
[White "Gander, Robin"]
[Black "Bindrich, Falko"]
[Result "0-1"]
[WhiteElo "1287"]
[BlackElo "2027"]
[PlyCount "104"]
[EventDate "2001.12.27"]
[EventType "team"]
[EventRounds "7"]
[EventCountry "GER"]
[SourceTitle "EXT 2003"]
[Source "ChessBase"]
[SourceDate "2002.11.25"]
[SourceVersion "1"]
[SourceVersionDate "2002.11.25"]
[SourceQuality "1"]

1. d4 Nf6 2. c4 e6 3. Nc3 Bb4 4. Bd2 c5 5. e3 0-0 6. Bd3 b6 7. f3 Bb7 8. Ne4 Nxe4 9. Bxe4 Bxd2+ 10. Qxd2 Bxe4 11. fxe4 cxd4 12. exd4 Qh4+ 13. Qf2 Qxe4+ 14. Ne2 Nc6 15. 0-0 Qc2 16. Nc3 Qd3 17. c5 Ne7 18. Rad1 Qg6 19. cxb6 axb6 20. a3 d5 21. Nb5 Nf5 22. b4 Qg5 23. Rd3 Qe7 24. Qf4 Qd7 25. Nc7 Rac8 26. Rc1 Nd6 27. Na6 Rxc1+ 28. Qxc1 Qb5 29. Rg3 Nf5 30. Rg4 Qxa6 31. h4 Rc8 32. Qf4 Qxa3 33. Kh2 Qxb4 34. h5 h6 35. g3 Kh7 36. Kh3 Qb1 37. Qf3 Rc1 38. Rf4 Rh1+ 39. Kg4 Rg1 40. Rxf5 exf5+ 41. Qxf5+ Qxf5+ 42. Kxf5 b5 43. Ke5 b4 44. Kxd5 b3 45. Kc6 b2 46. d5 b1Q 47. d6 Rd1 48. d7 Qc2+ 49. Kb7 Rxd7+ 50. Kb6 Rd1 51. Kb5 Rb1+ 52. Ka5 Qa2# 0-1